000 02040nam0a2200349 4500
001 RU\NLR\BIBL_A\012569138
005 20250624071630.0
010 _a978-5-7890-1862-0
_9100
021 _aRU
_b2021-16765
_9КН-П-1322
035 _a(NLR Aleph) 012569138
090 _a12485639
_c12485639
100 _a20210723d2021 |||y0rusy50 ca
101 0 _arus
_aeng
102 _aRU
105 _aa j 000zy
181 0 _ai
_baxxe
182 0 _an
200 1 _aПутешествие по Ирландии
_eучебное пособие
_eдля обучающихся языковых факультетов
_fЛ. В. Косоножкина
_gМинистерство науки и высшего образования Российской Федерации, Федеральное государственное бюджетное образовательное учреждение высшего образования "Донской государственный технический университет"
203 _aТекст
_bвизуальный
_cнепосредственный
210 _aРостов-на-Дону
_cДГТУ
_d2021
215 _a39, [1] с.
_cил.
_d21
300 _aНа обл. загл. и авт. также на англ. яз.: Travelling around Ireland / L. V. Kosonozhkina
300 _aТекст рус., англ.
512 1 _6z37790
_aTravelling around Ireland
_zeng
606 1 _aАнглийский язык
_jУчебные издания для высших учебных заведений
_9972309
_3RU\NLR\AUTH\6646032
686 1 _aШ143.21-93рус31
_bД890(4И)
700 1 _7ca
_8rus
_aКосоножкина
_bЛ. В.
_cканд. филол. наук
_f1957-
_gЛюдмила Валентиновна
_9227884
_3RU\NLR\AUTH\770227940
790 1 _7ba
_8rus
_aKosonožkina
_bL. V.
_cканд. филол. наук
_f1957-
_gLjudmila Valentinovna
_9269314
_3RU\NLR\AUTH\770269370
942 _cBOOK
980 _aNB